Catalog

Record Details

Catalog Search



Plavci na Sázavě : román - kronika  Cover Image Book Book

Plavci na Sázavě : román - kronika / Jan Morávek

Record details

  • Physical Description: 203 s. ; 20 cm
  • Edition: 4. vyd.
  • Publisher: V Praze : Melantrich, 1935

Content descriptions

General Note:
Mimo vydání obyčejné vyšlo 10 číslovaných výtisků na ručním papíře Vergé Blanc a 30 výtisků na imitaci japanu

Available copies

  • 1 of 1 copy available at Common Catalog SPOK.

Holds

  • 0 current holds with 1 total copy.
Show Only Available Copies
Location Call Number / Copy Notes Barcode Shelving Location Status Due Date
Hospic Dobrého Pastýře PA
Tematická katagorie: Odborná - paliativní péče (PA)
2045957019727 Skříň ve 2. patře (SKŘ) Available -

LDR 00644cam a2200193 a 4500
00130034
003CZ-PrJAB
00520180120150124.0
008020724s1935 xr f ||| | cze
015 . ‡acnb002390825
020 . ‡q(Váz.)
035 . ‡a(CZ PrNK)cpk20122390825
040 . ‡aBOA001 ‡bcze ‡cBOA001
1001 . ‡aMorávek, Jan, ‡d1888-1958 ‡7jk01082088 ‡4aut
24510. ‡aPlavci na Sázavě : ‡bromán - kronika / ‡cJan Morávek
250 . ‡a4. vyd.
260 . ‡aV Praze : ‡bMelantrich, ‡c1935
300 . ‡a203 s. ; ‡c20 cm
500 . ‡aMimo vydání obyčejné vyšlo 10 číslovaných výtisků na ručním papíře Vergé Blanc a 30 výtisků na imitaci japanu
910 . ‡aBNE702
901 . ‡a30034 ‡b ‡c30034 ‡tbiblio

Additional Resources